00977nam a2200265Ia 4500001000700000003000500007008004100012010001100053040000900064090001600073100003700089245013200126260004200258300002100300502012000321650002600441650004100467901001600508902000600524910000900530942000600539942000600545999001900551952014100570Z_1364CHAP220113s1974 xx 000 0 und d a164453 cCHAP aTesis M 249 aMancilla Figueroa, José970313 aEvaluación inicial de una mezcla de fenchlorfos y dichlorvos como antihelmintico en equinos /cpor José Mancilla Figueroa aGuadalajara, Jal. :bEl autor,c1974 a38 h. ; gráfs. aTesis (Médico Veterinario Zootecnista) -- Universidad de Guadalajara. Escuela de Medicina Veterinaria y Zootecnia aAntihelminticos96059 aGanado caballarxParásitos 944981 aTESIS M 249 aM a1974 c2 c2 c164453d164453 00102local4051708TESISaZbZd2005-11-09eEl autorl0oTesis M36 249 1974p5101000378r2022-01-18 00:00:00tEj.1w2022-01-18yTESIS